000 00541nam a2200217Ia 4500
003 OSt
005 20220924133355.0
006 a|||||r|||| 00| 0
007 ta
008 220923b |||||||| |||| 00| 0 ara d
024 _a264881
037 _cTextual
040 _aARTS
_cARTS
_bara
041 _2ara
_aara
082 _aO164,6vN3, N43.1;1
100 _aBahar M.Tagri
_9206281
245 0 _aSabk shenasi
260 _c1994
942 _hO164,6vN3, N43.1;1
_cTEXL
_2CC
999 _c433585
_d433585